000
00201 a2200097 4500
001
8413
090
_c
6783
_d
6783
100
_a
Pope, A
245
_a
Pope poetry & rouse (W/O vide BOO on 1975)
260
_b
Oxford
942
_a
NUST-CAE
999
_c
243486
_d
243486